[Event "Oxford GM-A"]
[Site "Oxford"]
[Date "1998.12.18"]
[Round "5"]
[White "McDonald, Neil R"]
[Black "Nunn, John DM"]
[Result "1/2-1/2"]
[WhiteElo "2490"]
[BlackElo "2600"]
[Annotator "Hazai,L"]
[PlyCount "42"]
[EventDate "1998.12.14"]
[EventType "tourn"]
[EventRounds "9"]
[EventCountry "ENG"]
[EventCategory "11"]
[SourceTitle "CBM 069"]
[Source "ChessBase"]
[SourceDate "1999.04.01"]
[SourceVersion "1"]
[SourceVersionDate "1999.04.01"]
[SourceQuality "1"]

1. d4 Nf6 2. Nf3 g6 3. Bg5 Bg7 4. Nbd2 c5 5. Bxf6 (5. dxc5 {leads nowhere after
} Qa5 $11) (5. c3 cxd4 6. cxd4 O-O 7. e3 {- Speelman-Plaskett CBM 69.}) (5. e3
O-O 6. c3 (6. Bxf6 Bxf6 7. Ne4 Qb6 $1 8. Nxf6+ Qxf6 9. c3 d6 {After exchanging
the pieces the tension of the position vanishes.} 10. Be2 b6 11. O-O Bb7 12. a4
cxd4 13. exd4 a6 14. Re1 Nd7 $11 {Taimanov-Gulko, SU (ch) 1976}) (6. Bd3 cxd4
7. exd4 Nc6) 6... cxd4 7. exd4 (7. cxd4 {- 5.c3}) 7... d5 8. Bd3 {- D03}) 5...
Bxf6 6. Ne4 Bxd4 $1 {This is the safest way for equalization.} 7. Nxd4 cxd4 8.
Qxd4 O-O 9. c4 {White wants to play a positional game.} ({More exciting is} 9.
O-O-O Nc6 10. Qd2 d5 (10... Qb6 $5) 11. Ng3 (11. Qxd5 Qc7 $44 {and suddenly
White has problems with development, Z.Nikolic-Damljanovic, Yugoslavia (ch)
1985}) 11... Be6 12. e3 Rc8 13. Kb1 Qb6 {(Agzamov-Loginov, SU 1986)} 14. Bd3 d4
15. exd4 Bxa2+ 16. Kxa2 Nb4+ 17. Kb1 Qa5 18. c3 Qa2+ $11 {with perpetual
checks.}) (9. Nc3 Nc6 10. Qd2 Qb6 11. h4 (11. Rb1 Qd4 $11) 11... Qxb2 12. Rb1
Qa3 13. h5 $13 {with some threats on the >> for the sacrificed P.}) 9... Nc6
10. Qd2 d6 11. e3 (11. Nc3 Be6 12. e3 {- 11.e3} (12. e4 {gives only additional
target for Black in the [+].} Qb6 13. Be2 (13. Rd1 $6 Ne5 14. b3 f5 15. Be2 f4
{Now the N on e5 dominates the board.} 16. Nd5 Bxd5 17. Qxd5+ Kg7 $15 {
Spiridonov-Kasparov, Skara 1980}) 13... Nd4 $11 {Kasparov})) 11... Be6 {
1/2:1/2 Gausel-Nunn, Oxford 1998} 12. Nc3 Rc8 {Black has to organize his play
against White's <<.} 13. b3 (13. Be2 {is also met by the standard} Qa5) 13...
Qa5 14. Be2 Rfd8 15. e4 ({On} 15. O-O {already follows the central push} d5 $1)
15... a6 16. Rd1 ({After} 16. O-O {the white Q becomes undefended allowing} b5
$1 17. cxb5 axb5 18. Bxb5 Na7) 16... Qb4 17. O-O b5 $1 18. cxb5 axb5 19. Qe3 (
19. Nxb5 Qxe4) (19. Bxb5 Na7) 19... Qa5 20. Rc1 (20. Nxb5 Qxa2) (20. Bxb5 Na7)
20... Nb4 21. Nxb5 Qxa2 $11 {and Black has everything in order.} 1/2-1/2

[Event "FIDE World Cup"]
[Site "Khanty-Mansiysk"]
[Date "2005.12.02"]
[Round "2.6"]
[White "Dreev, Alexey"]
[Black "Paragua, Mark"]
[Result "1/2-1/2"]
[WhiteElo "2694"]
[BlackElo "2596"]
[Annotator "Hazai,L"]
[PlyCount "132"]
[EventDate "2005.11.27"]
[EventType "k.o."]
[EventRounds "7"]
[EventCountry "RUS"]
[SourceTitle "CBM 111"]
[Source "ChessBase"]
[SourceDate "2006.04.04"]
[SourceVersion "1"]
[SourceVersionDate "2006.04.04"]
[SourceQuality "1"]

1. d4 {Mueller,Karsten} Nf6 2. Nf3 g6 3. Bg5 Bg7 4. Nbd2 O-O 5. e4 d6 6. c3 c5
7. h3 {This plan looks rather slowish, it gives Black time to organize his
counterplay in the [+].} (7. d5 {- Conquest-Kotronias, Hastings 2003 CBM 99}) (
7. Bd3 {- Timman-Topalov, Belgrade 1995 CBM 51}) (7. dxc5 {is the popular main
line.}) 7... h6 {This fits into White's plan, he wanted to secure the B
retreat to e3.} (7... cxd4 8. cxd4 d5 {Black has lost a tempo, but this
central push is strong anyway.} (8... Qa5 9. Bd3 Nc6 10. Be3 Nb4 11. Be2 Nxe4 {
looks witty, but two pieces are more valuable than the R and some pawns in the
middlegame.} 12. Nxe4 Nc2+ 13. Kf1 Nxa1 14. Qxa1 $14 {Samovojska-Stevic,
Tucepi 1996}) (8... Qb6 9. Nc4 (9. Bd3 Qxb2 10. O-O Qb6 11. Rb1 Qd8 {loses a
lot of tempi, but wins the P!}) 9... Qd8 10. Ncd2 Qb6 {Black is happy with the
repetition of moves.} 11. Nc4 Qd8 {1/2-1/2 Short-Svidler, Luzern 1997}) (8...
Nc6 9. Bd3 Nd7 {inserting pressure on the dark squares, especially on >< d4.}
10. Be3 (10. d5 {weakens the long /^ as well.} Nc5 (10... Nb4 11. Be2 a5 12. a3
Na6 13. Rb1 Nac5 14. b3 Nf6 $132 {A.Feher-Titov, Budapest 1990}) 11. Be2 Ne5
12. Nxe5 Bxe5 $11) 10... e5 (10... d5 11. e5 f6) 11. d5 Nd4 (11... Nb4 {
(Mantovani-Sale, Cattolica 1994)} 12. Be2 $14)) 9. e5 Ne4 10. Be3 Nc6 (10... f5
{allows White to maintain his stronghold on e5.} 11. g3 Nc6 12. a3 e6 13. h4
$14 {Zarubin-Zakharevich, Arkhangelsk 1996}) (10... f6 {attacking White's [+]
immediately.} 11. exf6 exf6 {Now White's central pressure has vanished.} 12.
Qb3 Kh8 13. Bd3 f5 {strengthening the excellent N in the [+].} 14. g3 Nc6 $132
{Pihajlic-Sedina, JUG-chT Cetinje 1992}) 11. Be2 (11. Bd3 Bf5 12. Nb3 f6 13.
exf6 exf6 {The black N on e4 is again rather impressive.} 14. O-O Qd6 15. Rc1
b6 {V.Kovacevic-Fercec, Pula 1996}) 11... f6 12. exf6 Nxf6 (12... exf6 {
was the natural taking back with a good piece play for Black.}) 13. Nb3 Bf5 14.
O-O Nb4 15. Bd2 Qb6 16. Bxb4 Qxb4 17. Qd2 Qxd2 18. Nfxd2 Rfc8 {and White
cannot blockade the dark squares, Samovojska-Gyorkos, Split 1997.}) 8. Be3 b6 (
8... cxd4 9. cxd4 d5 10. e5 Ne4 {is not so logical as in case of B on g5.
However after} 11. Nxe4 dxe4 12. Nd2 f5 13. Bc4+ Kh8 {things are far from easy.
}) 9. Bd3 Bb7 10. O-O Nbd7 11. Qe2 (11. d5 e6 12. c4 {advancing in the [+] was
another strategy.}) 11... a6 {/\ b5} 12. a4 e6 {fighting against d4-d5 as well.
} 13. Bf4 Qe7 14. Nc4 Ne8 15. Rfe1 (15. Rfd1 {can also be met by the game
continuation.} cxd4 16. cxd4 d5 17. exd5 Bxd5) 15... cxd4 (15... e5 16. dxe5
dxe5 17. Bg3 {weakens the light squares.}) 16. cxd4 d5 17. exd5 Bxd5 {Now an
isolated P structure has arisen, where the e8 N is badly placed.} 18. Nfe5 (18.
Ne3 Bb7) 18... Nxe5 (18... Nef6 $6 {holding the vital d5 square is met by} 19.
Qd2 $1 b5 (19... Kh7 $2 {loses the exchange after} 20. Nxd7 Nxd7 21. Bd6 $18)
20. Ne3 (20. axb5 axb5 21. Ne3 Nxe5) 20... Nxe5 (20... bxa4 21. Nxd5 Nxd5 22.
Bxh6 $16) (20... Bb7 21. axb5 axb5 22. Bxb5 $16 {winning the b P.}) 21. dxe5
Ne4 22. Nxd5 exd5 23. Bxe4 dxe4 24. Rxe4 $16) 19. dxe5 {The P structure has
been changed again, the strong e5 P secures the d6 square for the white N.} Qb7
(19... Bxc4 {gives up the vital ^^.} 20. Bxc4 Nc7 21. Bg3 $14 {looks as a
useful prophylactical move} (21. Red1 Qb4 22. Rd7 Rac8)) 20. Be4 (20. Bd2 Bxg2
21. Bb4 {cannot be true from a human's point of view...} Bh1 22. Qg4 Rd8 23.
Bf1 Bc6 24. Bxf8 Bxf8 25. Bg2 Nc7 $44) (20. Ne3 Be4) 20... Nc7 (20... Bxe4 21.
Qxe4 Qxe4 22. Rxe4 Rb8 23. Be3 $16) 21. Nd6 Qc6 22. Rec1 (22. Bd3 $1 {looked
better, the c6 Q is bad anyway.} Qd7 (22... Bxg2 $2 23. Rec1 $18) 23. Qe3 (23.
Rec1 {transposes to the game.}) 23... g5 24. Bg3 f5 25. f4 $16) 22... Qd7 23.
Bd3 {Otherwise the N comes quickly to d5.} Bc6 24. b3 (24. Qc2 {looks strong,
but after} Nd5 {there are a lot of tactical problems.} 25. Be4 (25. Bxh6 Bxh6
26. Qxc6 Qxc6 27. Rxc6 Nb4) 25... Bb7) 24... Nd5 25. Bd2 (25. Bg3 f5 26. f4 {
deserved attention strengthening the [+].}) 25... Rfd8 26. f4 Bf8 27. Ne4 {
The N had to retreat, so something went wrong?} Be7 (27... a5 $5 {Certainly
only if >< a6 was hanging!}) 28. Rd1 ({The critical} 28. Bxa6 $5 {needs a lot
of calculation.} Nxf4 (28... Nc7 29. Bd3 $16) (28... f5 29. exf6 Nxf6 30. Nxf6+
Bxf6 31. Ra2 $16) 29. Bxf4 Qd4+ (29... Bxe4 30. Qxe4 Rxa6 31. Bxh6 $16) 30. Nf2
Qxf4 31. Rxc6 Rd2 32. Qe1 Bh4 33. Be2 Ra5 34. Rd1 Rxd1 35. Bxd1 Rxe5 36. Be2 {
parrying the threats?!}) 28... Qb7 {Now Black has stabilized his position.} 29.
Kh2 Kg7 30. Ng3 {/\ Be4, but the N is worse than before.} Bb4 $6 (30... a5 {
was simple.}) 31. Bxb4 $6 (31. Bxa6 $1 {again deserved attention:} Qxa6 32.
Qxa6 Rxa6 33. Bxb4 b5 (33... Rda8 34. Bd2) 34. a5 Rda8 35. Bd2 b4 36. Rdc1 {
and it is far from easy to get back the P.}) 31... Nxb4 32. Be4 Nd5 (32... Bxe4
$2 33. Nxe4 $16 {and the bad N is back again.}) 33. Qf3 Rac8 34. Rac1 Qb8 {
The Q is far from the >> now.} (34... Qe7) 35. Rd4 (35. h4 $5 {/\ h5 deserved
attention exploiting the absence of the b8 Q.}) 35... b5 36. axb5 Qxb5 $2 {[#]}
(36... axb5) 37. Rdc4 ({missing the unexpected tactical blow} 37. f5 $3 {
[%mdl 512]} exf5 38. Nxf5+ $1 gxf5 39. Qxf5 Rc7 (39... Qb7 40. Rc5 $18) 40.
Qh7+ Kf8 41. Qxh6+ Ke8 42. Bf5 $40) 37... Bb7 (37... Rc7 $5) 38. Rxc8 $2 (38.
f5 $3 {was still possible!} exf5 39. Nxf5+ $1 gxf5 40. Qxf5 {with a
devastating ->.}) 38... Rxc8 39. Rxc8 Bxc8 40. Bxd5 exd5 {The _|_ is not easy
because White cannot blockade >< d4.} 41. Ne2 Qc5 42. Qc3 (42. Qd3 Qf2 $1 {
and there is still no Nd4!}) 42... Qxc3 43. Nxc3 d4 $1 {Now it is White who
has to play carefully!} 44. Ne4 Bf5 45. Nd2 f6 46. g4 Bc2 47. exf6+ Kxf6 48. b4
Ke6 49. Kg3 Kd5 50. Kf3 Kc6 51. Nc4 Bd1+ {'?!' Mueller,Karsten. Mueller,
Karsten: 'danach hat Weiß viel zuviel Gegenspiel als dass noch an einen
schwarzen Gewinn zu denken wäre.'} (51... Kd5 52. Nb6+ Kc6 53. Nc4 {leads to
repetition of moves.}) (51... h5 {oder}) (51... Bb1 {(Mueller,Karsten) waren
bessere Versuche.}) 52. Ke4 Kb5 53. Kxd4 Kxb4 54. f5 {Mueller,Karsten: 'und
der weiße Springer erweist sich als wendig genug, um mit dem a-Bauer leicht
fertig zu werden:'} (54. Ne3 Bb3 55. Nd5+ Kb5 56. Ne7 Bf7 57. f5 gxf5 58. Nxf5
Kb4 59. Nxh6 Bb3 {and the a o^ is dangerous.}) 54... gxf5 55. gxf5 Bb3 (55...
Bh5 56. f6 a5 $11) 56. Nb6 (56. Ne3 Bf7 $11) (56. Ne5 {Mueller,Karsten} a5 57.
f6 a4 58. Nd3+ Kb5 59. Kc3 h5 60. Ne5 Kc5 61. f7 Bxf7 62. Nxf7 Kd5 $11) 56...
Bf7 57. Nd5+ Kb3 58. Kc5 a5 59. Nb6 a4 60. Nxa4 Kxa4 61. f6 Kb3 62. Kd6 Kc4 63.
Ke7 Bh5 64. f7 Bxf7 65. Kxf7 Kd5 66. Kg6 Ke6 1/2-1/2

[Event "GER-ch 70th"]
[Site "Bremen"]
[Date "1998.11.13"]
[Round "8"]
[White "Frohberg, Marco"]
[Black "Slobodjan, Roman"]
[Result "0-1"]
[WhiteElo "2300"]
[BlackElo "2575"]
[Annotator "Hazai,L"]
[PlyCount "82"]
[EventDate "1998.11.06"]
[EventType "swiss"]
[EventRounds "9"]
[EventCountry "GER"]
[SourceTitle "CBM 068"]
[Source "ChessBase"]
[SourceDate "1999.02.01"]
[SourceVersion "1"]
[SourceVersionDate "1999.02.01"]
[SourceQuality "1"]

1. d4 Nf6 2. Nf3 g6 3. c3 b6 4. Bf4 Bb7 5. e3 Bg7 6. h3 {This passive setup
has only two advantages: it is easy to learn, and White's position is reather
safe.} O-O 7. Nbd2 d6 8. Be2 Nbd7 9. O-O Qe8 10. Bh2 e5 {This is also called
the Reti reversed. White is playing this solid position with a tempo plus, but
this is yet not enough for an advantage because of the passivity.} 11. dxe5 (
11. a4 a6 12. b4 {contains more venom.}) 11... dxe5 12. Qc2 (12. Nc4 {is
answered by} Ne4) 12... Qe7 (12... e4 13. Nd4 Ne5 {looks more agressive, but
more risky too, because the bad h2 B regains a new life.}) 13. Rfd1 (13. e4 Nc5
(13... Nh5 {is parried by} 14. Rfe1 Nf4 15. Bf1) 14. Bxe5 Nfxe4 15. Bxg7 Kxg7
16. Rfe1 $11) 13... a6 14. Ne1 $2 {This is too passive.} ({More to the point
is fighting for the [+] with} 14. e4 Nc5 15. Bxe5 Nfxe4 16. Bxg7 Kxg7 17. Re1
$11 {with similar position to the previous note.}) 14... Nc5 15. Nd3 (15. b4
Nce4) 15... Nfd7 (15... Nxd3 16. Bxd3 e4 17. Be2 {and the hidden B on h2 fires
again.}) 16. Nxc5 Nxc5 17. b4 ({On} 17. e4 {follows} a5 {securing the N's
place.}) 17... Ne6 18. Bf3 Bxf3 19. Nxf3 f6 $1 {killing the bad B forever. The
black B can be activated after Bf8 on the a3-f8 /^.} 20. Rd2 (20. Qd3 {
activating the Q deserves attention:} Rfd8 (20... a5 21. Qc4) 21. Qc4) 20... a5
21. Rad1 {White has the control over the only opened d <-> compensating the
bad B and N.} axb4 22. Rd7 Qe8 (22... Qc5 23. Qb3 {using the annoying pin on
the a2-g8 /^.}) 23. cxb4 Rf7 24. R7d2 (24. Rxf7 {was also possible:} Qxf7 (
24... Kxf7 25. Qc4) 25. g4 {/\ g5 freeing the dead B.} ({and not} 25. Qc6 $2
Rxa2)) 24... Bf8 25. Qb3 Bd6 $2 {[#] Black loses his sense of danger.} (25...
Kh8 {was the necessary prophilactical move here.}) 26. Kh1 $2 (26. Rxd6 $1 cxd6
27. Rxd6 Re7 (27... Rd8 28. Bxe5 $1) (27... Rc8 28. Bxe5 $1) 28. Bxe5 $1 {
suddenly gives White serious counterchances.}) 26... Re7 {Now Black has
consolidated his position, as fhis B and N are much better.} 27. Rb2 Qa4 28.
Qd5 Kf7 29. Rdb1 Rd7 30. Qe4 Rad8 31. Qc2 $2 (31. Qh4 {was the only practical
chance fishing in troubled waters.}) 31... Qxc2 32. Rxc2 Be7 $19 {Now all the
black pieces are superior to their white colleagues.} 33. Rbb2 Rd1+ 34. Bg1 e4
35. Nd2 f5 36. a3 Rd3 37. Ra2 b5 38. g4 Ng5 39. Kg2 Bd6 40. gxf5 gxf5 41. Bh2
$2 Nf3 $1 0-1

[Event "Kiev Spring"]
[Site "Kiev"]
[Date "2000.04.01"]
[Round "11"]
[White "Kosikov, Alexey I"]
[Black "Vorobiov, Evgeny E"]
[Result "0-1"]
[WhiteElo "2460"]
[BlackElo "2500"]
[Annotator "Hazai,L"]
[PlyCount "126"]
[EventDate "2000.03.22"]
[EventType "tourn"]
[EventRounds "11"]
[EventCountry "UKR"]
[EventCategory "11"]
[SourceTitle "CBM 077"]
[Source "ChessBase"]
[SourceDate "2000.07.27"]
[SourceVersion "1"]
[SourceVersionDate "2000.07.27"]
[SourceQuality "1"]

1. d4 Nf6 2. Nf3 g6 3. c3 Bg7 4. Bf4 d6 5. h3 O-O 6. e3 Nfd7 {Black wants to
play e7-e5 immediately, without any preparation. Sometimes he is threatening
with f7-f5, and the other N goes to c6. Anyway, this seemingly unnatural move
has it's merits.} (6... Nbd7 {- Speelman-McShane, Premier Hastings 2000 CBM 75}
) 7. Na3 (7. Be2 e5 8. Bh2 (8. dxe5 $143 {If White gives up the [+], he cannot
wait much from the opening.} dxe5 9. Bg3 Nc6 10. O-O f5 $36) 8... Nc6 9. O-O (
9. a4 f5 10. b4 {White's activity on the << doesn't bring him any relief.} Qe7
11. b5 Nd8 {heading to the >>.} 12. Na3 Nf7 13. Qb3 Kh8 14. Nc2 Nf6 15. Nd2 Be6
16. Qa3 Rae8 $15 {and White's pieces are rather passive, Zurek-Konopka, CZE-ch
Olomouc 1995.}) (9. Nbd2 {- 7...Nbd2}) 9... f5 (9... Qe7 {looks more flexible.}
) (9... e4 10. Nfd2 f5 {is also interesting.}) 10. Na3 (10. dxe5 $5 dxe5 11.
Na3 {threatening Bb5 and Nc4 >< e5}) 10... Qe7 (10... e4 $5) 11. b4 (11. dxe5
$5 dxe5 12. Bb5 {attacking >< e5 deserves attention.}) 11... e4 12. Nd2 Nf6 13.
Nac4 Nd8 {The N was vulnerable on c6.} 14. a4 Nf7 15. Re1 g5 16. b5 Bd7 $13 {
and Black has good counterchances on the >>, Ortega-Vescovi, Catania op 1995.})
(7. Nbd2 e5 8. Bh2 Qe7 (8... Nc6 9. Be2 f5 (9... Qe7 $5) 10. dxe5 dxe5 11. Bb5
{Now White puts some pressure on e5.} Qe7 12. O-O Kh8 13. Nc4 Nb6 14. Qe2 Nxc4
15. Qxc4 Be6 16. Qe2 Bd7 17. Rfd1 $14 {Ballmann-Forster, Winterthur 1996}) 9.
dxe5 dxe5 10. Be2 Nc6 11. O-O a5 12. e4 Nb6 13. Nc4 Rd8 14. Qc2 Nxc4 15. Bxc4
Be6 $11 {Dawidow-Kovaslev, Warsaw op 1989}) (7. Bc4 e5 8. Bg5 {Now White will
lose some tempi with this B.} ({More to the point is} 8. Bh2) 8... Qe8 9. O-O
h6 10. Bh4 Kh8 11. Bg3 f5 12. a4 a5 13. Na3 Nb6 14. Bb5 Qe7 15. Nc4 Nxc4 16.
Bxc4 g5 $17 {Santos-Del Rey, St Cugat op 1995}) 7... e5 8. Bh2 a6 (8... f5 $5 {
looks a bit risky, but there is no clear-cut refutation, for example:} 9. dxe5
(9. Bc4+ Kh8 10. O-O Nc6 $13) 9... dxe5 10. Qb3+ Kh8 11. O-O-O (11. Rd1 Qe7 12.
Nb5 Nc5 $132) 11... Qe7 $13) (8... Nc6 $5) 9. dxe5 dxe5 10. Nc4 (10. e4 Qe7 $11
) 10... Nc6 11. a4 ({Soon or later White has to play} 11. e4 $5 {fighting for
the [+].} b5 (11... Qf6 12. Bg3) 12. Ne3 Bb7 13. Qc2 $13) 11... Qe7 12. Be2 (
12. b4 {is met by} e4 $1 (12... Rd8 13. Qc2 f5) 13. Nd4 Nde5 14. Nxe5 Nxe5 $15
{with a space advantage for Black because of the strong e4 P.}) (12. e4 {
was still required.}) 12... Nc5 (12... e4 $5 13. Nd4 Nce5 {deserved serious
attention.}) 13. O-O Bf5 {Now Black has a strict control over the central
squares.} 14. b4 Rad8 {>< d3} 15. Ncd2 Nd3 {This allows White to gain space in
the [+].} (15... Ne4 $1 {was sensible keeping an eye on e4 for example:} 16.
Qc1 (16. Rc1 Rd7 $15 {doubling the rooks on the only opened d <->.}) 16... Nxc3
17. Qxc3 e4 18. Nd4 Nxd4 19. exd4 Bxd4 20. Qxc7 Qxc7 21. Bxc7 Bxa1 22. Bxd8
Rxd8 23. Nxe4 Bg7 $15 {^^}) 16. e4 $1 {Now Black's active pieces are driven
back.} Bc8 17. Qc2 (17. b5 $6 {weakens the squares which will be occupied by
the knights soon.} Na5 18. Qc2 Nc5) 17... Nf4 {The N is ideally posted here.}
18. Bc4 Qf6 {Black is still OK because of the inferior B on h2, which belongs
to e3 in this P structure.} 19. Rfe1 Rfe8 20. Bf1 {White has to defend his
weakened >> position.} h5 21. b5 $6 {This drives back the N, but he will come
back to invade the weakened squares. The N on c6 is rather bad in this P
structure.} Nb8 22. Rad1 (22. Bg3 Bh6) 22... axb5 23. axb5 Nd7 {>< c5} 24. Bg3
Bh6 {against Bh4} 25. Bh4 {This is an unsuccessful provocation.} (25. Ra1 Nc5
$15) 25... g5 {Black grabs the |^ on the >>.} 26. Bg3 Nf8 {bringing the N to
the >>, where the decisive battle will soon begin.} 27. Bxf4 {White couldn't
tolerate the strong N anymore. Now the weaknesses of the dark squares begin to
tell.} Qxf4 28. Nc4 Rxd1 (28... Bxh3 {was also tempting.} 29. Ncxe5 Rxd1 30.
Rxd1 (30. Qxd1 Be6 31. Nd3 Qd6 $15) 30... Be6 $15) 29. Qxd1 (29. Rxd1 Bxh3 $1)
29... g4 30. hxg4 hxg4 31. Nh2 g3 $1 $17 {opening up the vital g1-a7 /^ for
the B.} 32. Nf3 (32. fxg3 Qxg3 33. Nf3 Bg4 $17 {^^}) 32... Ng6 33. Qd2 {
White has to exchange queens, otherwise Black's -> cannot be stoped.} Bf8 {
The B will be very dangerous on c5.} 34. Qxf4 exf4 35. fxg3 (35. Nd4 Bc5 $1 (
35... f5 36. e5) 36. Na5 Ne5 $17) 35... fxg3 36. Nd4 f5 37. Nd2 (37. e5 Bc5 38.
Be2 Rd8 39. Rd1 Be6 $17) 37... Bh6 {Now the B comes from the other /^.} 38.
N4f3 Ne5 39. Nb3 $2 {Now Black's N will decide the battle.} (39. Nc4 Nxf3+ 40.
gxf3 Bg7 41. e5 f4 $17 {was not rosy either.}) 39... Ng4 $1 40. Bc4+ Kg7 41.
exf5 Be3+ 42. Kf1 Nh2+ $19 43. Ke2 (43. Nxh2 gxh2 44. Ke2 Bg1+ $19 {and queens}
) 43... Bf2+ 44. Kd1 Bxe1 {winning the exchange and later the game. The rest
is easy.} 45. Nxe1 Bxf5 46. Nd4 Bc8 47. Be2 Ng4 48. Nec2 Ne3+ 49. Nxe3 Rxe3 50.
Kd2 Re5 51. Bf3 Kf6 52. Ne2 Rg5 53. Nd4 Ke5 54. Kd3 Kd6 55. Kc4 b6 56. Kb4 Bd7
57. c4 Bg4 58. Bc6 Re5 59. Nb3 Re1 60. Kc3 Re3+ 61. Kb4 Bd1 62. c5+ Ke5 63. Nd2
Kd4 0-1